Geography Quiz

Random Geography or State Quiz

Largest U.S. National Parks By Area Quiz Stats

 Plays Quiz not verified by Sporcle

Challenge
Share
Tweet
Embed
Score 0/20 Timer 05:00
0 Plays Today
Area Park % Correct
3,468 sq miYellowstone
96%
2,537 sq miEverglades
92%
1,189 sq miYosemite
92%
7,408 sq miDenali
90%
1,902 sq miGrand Canyon
90%
1,584 sq miGlacier
86%
5,269 sq miDeath Valley
80%
814 sq miGreat Smoky Mountains
80%
1,252 sq miBig Bend
76%
1,442 sq miOlympic
74%
Area Park % Correct
1,234 sq miJoshua Tree
68%
893 sq miIsle Royale
68%
11,756 sq miGates of the Arctic
60%
1,047 sq miKenai Fjords
54%
789 sq miNorth Cascades
54%
13,005 sq miWrangell-St. Elias
52%
5,038 sq miGlacier Bay
52%
4,093 sq miLake Clark
44%
5,741 sq miKatmai
40%
2,735 sq miKobuk Valley
36%

You're not logged in!

Compare scores with friends on all Sporcle quizzes.
Join for Free
OR
Log In

You Might Also Like...

Show Comments

Extras

Top Quizzes Today


Score Distribution

Your Account Isn't Verified!

In order to create a playlist on Sporcle, you need to verify the email address you used during registration. Go to your Sporcle Settings to finish the process.

Report this User

Report this user for behavior that violates our Community Guidelines.

Details: